Normal view
MARC view
Entry Personal Name
001 - CONTROL NUMBER
- control field: 72232
003 - CONTROL NUMBER IDENTIFIER
- control field: dpl
005 - DATE AND TIME OF LATEST TRANSACTION
- control field: 20241001112110.0
008 - FIXED-LENGTH DATA ELEMENTS
- fixed length control field: 241001|| aca||aabn | a|a d
040 ## - CATALOGING SOURCE
- Original cataloging agency: dpl
- Transcribing agency: dpl
100 ## - HEADING--PERSONAL NAME
- Personal name: Shaw, J.L
670 ## - SOURCE DATA FOUND
- Source citation: Work cat.: (dpl)206028: Shaw, J.L., The Relevance of Indian Philosphy to Contemporary Western Philosophy/, 2022
